|
|
|
|
| LEADER |
00000nab a2200000 4500 |
| 008 |
150518b19 cl ||||| |||| 00| 0 spa d |
| 090 |
|
|
|a REVIS 15.04.04
|
| 100 |
1 |
|
|9 79
|a Breen, Mary J.
|
| 245 |
1 |
0 |
|a Alfabetización : Tema de salud de las mujeres que no se toma en cuenta /
|c Mary J. Breen
|
| 260 |
|
|
|a Chile :
|b Red de Salud de las mujeres latinoamericanas y del caribe,
|c 1998
|
| 300 |
|
|
|a páginas 53-60
|
| 650 |
|
0 |
|9 80
|a ALFABETIZACIÓN
|
| 650 |
1 |
4 |
|9 55
|a MUJERES
|
| 773 |
0 |
|
|d Chile : Red de Salud de las Mujeres Lationamericanas 1997-
|o R0016
|t Revista Mujer Salud
|x 0716-8381
|g No. 2 (abril-junio, 1998)
|
| 942 |
|
|
|h REVIS 15.04.04
|2 z
|c 10
|
| 999 |
|
|
|c 2571
|d 2571
|